Αξιοπιστία και ανεκτικότητα βλαβών συστημάτων
Αποθηκεύτηκε σε:
| Κύριος συγγραφέας: | |
|---|---|
| Μορφή: | Βιβλίο |
| Γλώσσα: | Greek |
| Δημοσίευση: |
Θεσσαλονίκη :
Αϊβάζης,
c2008.
|
| Θέματα: | |
| Ετικέτες: |
Προσθήκη ετικέτας
Δεν υπάρχουν, Καταχωρήστε ετικέτα πρώτοι!
|
MARC
| LEADER | 00000cam a2200000 a 4500 | ||
|---|---|---|---|
| 001 | 1/122674 | ||
| 008 | 210212t2008####gr | | ||| | |||| ||gre|| | ||
| 020 | |a 9789605490188 |q (χαρτόδετο) | ||
| 040 | |a GR-MyUa |b gre |c GR-MyUa |e AACR2 | ||
| 041 | 0 | |a gre | |
| 082 | 7 | |a 620.00452 |2 (23) | |
| 100 | 1 | |a Κοντολέον, Ι. Μ. | |
| 245 | 1 | 3 | |a Αξιοπιστία και ανεκτικότητα βλαβών συστημάτων / |c Ι. Μ. Κοντολέοντος. |
| 246 | 1 | |i Άλλες παραλλαγές του τίτλου: |a Αξιοπιστία & ανεκτικότητα βλαβών συστημάτων | |
| 260 | |a Θεσσαλονίκη : |b Αϊβάζης, |c c2008. | ||
| 300 | |a xv, 395 σ. : |b πίν., σχέδια ; |c 24 εκ. | ||
| 504 | |a Βιβλιογραφία: σ. 385-389. Ευρετήριο: σ. 391-395. | ||
| 650 | 0 | |a Stochastic processes. | |
| 650 | 0 | |a Probabilities. | |
| 650 | 0 | |a Reliability. | |
| 852 | |a INST |b CHIOS |c EUDOXUS |e 20210212 |h 620.00452 KON |p 005200039864 |q 005200039864 |t EDX |y 0 | ||
| 920 | |a Εύδοξος |b Παραγγελία |y Χίος-ΤΜΟΔ |z 2021-01 | ||
| 970 | |a Σπέντζα |b Ελένη |z 12-02-2021 | ||